LDR 01019naa#a2200193#i#450# 001 RU\RIOR\bibl\126517 005 20260629132519.1 011 ## _a2409-6024 100 ## _a20260530b2026####ek#y0rusy0150####ca 102 ## _aRU 200 1# _aПРОЦЕСС ЦЕЛЕПОЛАГАНИЯ ДЛЯ ОБЕСПЕЧЕНИЯ ПРОДОВОЛЬСТВЕННОЙ БЕЗОПАСНОСТИ _eЖурнальная статья 210 1# _aМосква _cООО "Издательский Центр РИОР" _d2026 215 ## _a19 с. 608 ## _aЖурнальная статья _2local 675 ## _aПродовольственный комплекс (экономика питания, экономика продовольствия, продуктов питания). Продовольственный вопрос. 338.439 _z 700 #1 _aМакарова _gНадежда Николаевна 700 #1 _aБестужева _gЛариса Ирековна 700 #1 _aСуркова _gВиктория Валерьевна 856 4# _ariorpub.com _u